<?xml version="1.0" encoding="UTF-8"?>
<record
    xmlns:xsi="http://www.w3.org/2001/XMLSchema-instance"
    xsi:schemaLocation="http://www.loc.gov/MARC21/slim http://www.loc.gov/standards/marcxml/schema/MARC21slim.xsd"
    xmlns="http://www.loc.gov/MARC21/slim">

  <leader>01543nam a2200193   4500</leader>
  <controlfield tag="005">20251118121720.0</controlfield>
  <controlfield tag="008">251118b        |||||||| |||| 00| 0 eng d</controlfield>
  <datafield tag="020" ind1=" " ind2=" ">
    <subfield code="a">9783836536974</subfield>
  </datafield>
  <datafield tag="041" ind1=" " ind2=" ">
    <subfield code="a">English</subfield>
  </datafield>
  <datafield tag="082" ind1=" " ind2=" ">
    <subfield code="a">700</subfield>
    <subfield code="b">GRI</subfield>
  </datafield>
  <datafield tag="100" ind1=" " ind2=" ">
    <subfield code="a">Grimme Karin H.</subfield>
    <subfield code="9">214987</subfield>
  </datafield>
  <datafield tag="245" ind1=" " ind2=" ">
    <subfield code="a">Impressionism</subfield>
  </datafield>
  <datafield tag="260" ind1=" " ind2=" ">
    <subfield code="b">Taschen</subfield>
    <subfield code="c">2207</subfield>
  </datafield>
  <datafield tag="300" ind1=" " ind2=" ">
    <subfield code="a">95</subfield>
  </datafield>
  <datafield tag="365" ind1=" " ind2=" ">
    <subfield code="b">1469.24</subfield>
    <subfield code="c">RS.00</subfield>
  </datafield>
  <datafield tag="520" ind1=" " ind2=" ">
    <subfield code="a">&#x2022;	Pictures Created From Light And Colour
&#x2022;	Fr&#xE9;d&#xE9;ric Bazille &#x2013; Still Life with Fish
&#x2022;	Marie Bracquemond &#x2013; Afternoon Tea
&#x2022;	Gustave Caillebotte &#x2013; The Floor Strippers
&#x2022;	Mary Cassatt &#x2013; Woman with a Pearl
&#x2022;	Edgar Degas &#x2013; Dancer at rest
&#x2022;	Vincent Van Gogh &#x2013; Portrait of Pere Tanguy
&#x2022;	Armand Guillaumin &#x2013; Sunset at Ivry
&#x2022;	Wassily Kandinsky &#x2013; The Ludwigskirche in Munich
&#x2022;	Max Liebermann -  The Birch Avenue in the Wannsee Garden, looking West
&#x2022;	Claude Monet &#x2013; Le pont de I&#x2019;Europe
&#x2022;	Berthe Morisot - Psyche
&#x2022;	Giuseppe De Nittis - Flirt
&#x2022;	Camille Pissarro - Hoarfrost
&#x2022;	Pierre-Auguste Renoir -Lise with Parasol
&#x2022;	Medardo Rosso &#x2013; Aeta Aurea
&#x2022;	John Singer Sargent &#x2013; In the Luxemnourg Gardens
&#x2022;	Giovanni Battista Segantini &#x2013; The Hay Harvest
&#x2022;	Georges Seurat &#x2013; The Bathers at Asnieres
&#x2022;	Walter Richard Sickert &#x2013; The Old Bedford
&#x2022;	Paul Signac &#x2013; Capo di Noli
&#x2022;	Alfred Sisley &#x2013; The Watering Place at Marly-le-Roi
&#x2022;	Max Slevogt - Parade
&#x2022;	Fritz Von Uhde &#x2013; The Garden Path
&#x2022;	Federico Zandomeneghi &#x2013; Place d&#x2019;Anvers, Paris
</subfield>
  </datafield>
  <datafield tag="650" ind1=" " ind2=" ">
    <subfield code="a">Art</subfield>
  </datafield>
  <datafield tag="942" ind1=" " ind2=" ">
    <subfield code="c">BK</subfield>
  </datafield>
  <datafield tag="999" ind1=" " ind2=" ">
    <subfield code="c">369103</subfield>
    <subfield code="d">369103</subfield>
  </datafield>
  <datafield tag="952" ind1=" " ind2=" ">
    <subfield code="0">0</subfield>
    <subfield code="1">0</subfield>
    <subfield code="2">ddc</subfield>
    <subfield code="4">0</subfield>
    <subfield code="7">0</subfield>
    <subfield code="a">SOFT</subfield>
    <subfield code="b">SOFT</subfield>
    <subfield code="d">2025-11-18</subfield>
    <subfield code="e">Amazon.in</subfield>
    <subfield code="g">1469.24</subfield>
    <subfield code="i">IN-110776</subfield>
    <subfield code="l">0</subfield>
    <subfield code="o">700 GRI</subfield>
    <subfield code="p">SOFT-BK-4711</subfield>
    <subfield code="r">2025-11-18 11:43:11</subfield>
    <subfield code="v">1772.66</subfield>
    <subfield code="w">2025-11-12</subfield>
    <subfield code="y">BK</subfield>
  </datafield>
</record>
